|
|
|
|
| LEADER |
01065cam a2200289 7i4500 |
| 001 |
0000054027 |
| 005 |
20200720090000.0 |
| 020 |
|
|
|a 9783319500911 (electronic book)
|
| 090 |
0 |
0 |
|a HF5548.32
|b .I245 2017
|
| 245 |
0 |
0 |
|a Introduction to electronic commerce and social commerce
|c Efraim Turban [and three others].
|
| 250 |
|
|
|a Fourth edition.
|
| 264 |
|
1 |
|a Cham:
|b Springer,
|c 2017.
|
| 300 |
|
|
|a 1 online resource (xxv, 435 pages):
|b illustrations, text file, PDF.
|
| 336 |
|
|
|a text
|2 rdacontent
|
| 337 |
|
|
|a computer
|2 rdamedia
|
| 338 |
|
|
|a online resource
|2 rdacarier
|
| 490 |
0 |
|
|a Springer texts in business and economics
|
| 650 |
|
0 |
|a Business
|
| 650 |
|
0 |
|a Electronic commerce
|
| 655 |
|
0 |
|a Electronic books
|
| 700 |
1 |
|
|a King, David
|
| 700 |
1 |
|
|a Turban, Efraim
|
| 700 |
1 |
|
|a Outland, Jon
|
| 700 |
1 |
|
|a Whiteside, Judy
|
| 856 |
4 |
2 |
|u http://library.unisel.edu.my/equip-unisel/custom/ebook_catalog/2017BookIntroductionToElectronicCommercompressed.pdf
|
| 997 |
|
|
|a Business & Accountancy, Faculty
|
| 999 |
|
|
|a EBO0000426
|b EBOOK
|c EBOOK
|e Electronic resources
|